Dobrá reklama je bez psychologie nemysliteľná

Psychológia v reklame. Teória prístupu reklamnej agentúry pri ovplyvňovaní klientov.

Salvato in:
Dettagli Bibliografici
Autore principale: Chojková, M.
Natura: Capitolo di libro
Lingua:slovacco
Soggetti:
Tags: Aggiungi Tag
Nessun Tag, puoi essere il primo ad aggiungerne!!

MARC

LEADER 00000naa a2200000 4500
001 r027286
005 20230922094423.6
041 0 |a slo 
044 |a SK 
245 1 0 |a Dobrá reklama je bez psychologie nemysliteľná  |c M. Chojková 
520 |a Psychológia v reklame. Teória prístupu reklamnej agentúry pri ovplyvňovaní klientov. 
610 2 0 |a psychológia 
610 2 0 |a reklama 
610 2 0 |a agentúry 
100 1 |a Chojková, M.